000 00415nam a2200157Ia 4500
005 20250508163005.0
008 008 250505s9999 xx 000 0 eng d
037 _aPeriodicals
040 _aFEDL
_beng
_cFEDL
041 _aeng
_2eng
084 _qFEDL
245 0 _aJournal of the national assoication of women deans and counselors Vol. 24
490 _vVol. 24
942 _cCR
999 _c1379936
_d1379936